Plant growth and development (Record no. 357142)
[ view plain ]
| 000 -LEADER | |
|---|---|
| fixed length control field | 004300000a22001450004500 |
| 060 ## - NATIONAL LIBRARY OF MEDICINE CALL NUMBER | |
| Classification number | 100 |
| 082 ## - DEWEY DECIMAL CLASSIFICATION NUMBER | |
| Classification number | 581.31 LEO |
| 100 ## - MAIN ENTRY--PERSONAL NAME | |
| Personal name | Leopold, Carl A |
| 245 ## - TITLE STATEMENT | |
| Title | Plant growth and development |
| 260 ## - PUBLICATION, DISTRIBUTION, ETC. (IMPRINT) | |
| Place of publication, distribution, etc. | Bombay, Tata mc graw - hill publishing company limited |
| 260 ## - PUBLICATION, DISTRIBUTION, ETC. (IMPRINT) | |
| Date of publication, distribution, etc. | 1964 |
| 300 ## - PHYSICAL DESCRIPTION | |
| Extent | 466 |
| 650 ## - SUBJECT ADDED ENTRY--TOPICAL TERM | |
| Topical term or geographic name as entry element | Plant growth/plant development/plant-assimilation/plant-chemical modification/experimental physiology |
| 942 ## - ADDED ENTRY ELEMENTS (KOHA) | |
| Koha item type | Books (General) |
| Withdrawn status | Lost status | Damaged status | Not for loan | Home library | Current library | Date acquired | Total Checkouts | Total Renewals | Full call number | Barcode | Date last seen | Date checked out | Price effective from | Koha item type |
|---|---|---|---|---|---|---|---|---|---|---|---|---|---|---|
| College of Agriculture, Vellayani | College of Agriculture, Vellayani | 02/05/2014 | 3 | 1 | 581.31 LEO | KAU_COAV-11647 | 21/12/2023 | 19/09/2023 | 02/05/2014 | Books (General) |
